[Event "Benidorm 2010 - Sub-2000"]
[Site "Benidorm ESP"]
[Date "2010.12.10"]
[Round "9.3"]
[White "Shen, Yue"]
[Black "Laurentiu, Burlacu"]
[Result "1-0"]
[WhiteElo "1911"]
[BlackElo "1955"]
[PlyCount "65"]
[EventDate "2010.12.03"]
[EventType "swiss"]
[EventRounds "10"]
[EventCountry "ESP"]
[Source "lmi"]
[SourceDate "2010.12.03"]

1. e4 Nf6 2. e5 Nd5 3. d4 d6 4. Nf3 Bg4 5. Bc4 Nb6 6. Bxf7+ Kxf7 7. Ng5+ Ke8 8.
Qxg4 dxe5 9. dxe5 Nc6 10. e6 Qd4 11. Ne4 Ne5 12. Nf6+ exf6 13. Qxd4 Rd8 14. Qe4
Nd5 15. O-O Bc5 16. Nc3 c6 17. Nxd5 cxd5 18. Qe2 Ke7 19. Kh1 h6 20. b4 Bd4 21.
Rb1 Nc4 22. Be3 Bxe3 23. fxe3 Rd6 24. e4 Rc8 25. exd5 Na3 26. Qh5 Rf8 27. Rbc1
Nc4 28. Qg4 Ne3 29. Qxg7+ Ke8 30. Rxf6 Rxf6 31. Qxf6 Nxd5 32. Qf7+ Kd8 33. Rd1
1-0

[Event "Benidorm 2010 - Sub-2000"]
[Site "Benidorm ESP"]
[Date "2010.12.10"]
[Round "9.4"]
[White "Ledo Galan, Jose Emilio"]
[Black "Alcaraz Lopez, Francesc"]
[Result "1-0"]
[WhiteElo "1998"]
[BlackElo "1958"]
[PlyCount "84"]
[EventDate "2010.12.03"]
[EventType "swiss"]
[EventRounds "10"]
[EventCountry "ESP"]
[Source "lmi"]
[SourceDate "2010.12.03"]

1. e4 c5 2. Nf3 Nc6 3. d4 cxd4 4. Nxd4 Nf6 5. Nc3 g6 6. Nxc6 dxc6 7. Qxd8+ Kxd8
8. Bf4 Be6 9. O-O-O+ Ke8 10. Be2 Bg7 11. Kb1 Rd8 12. h3 h5 13. Bf3 Nd7 14. Be3
Bxc3 15. bxc3 f6 16. Rd2 Nb6 17. Rhd1 Rxd2 18. Bxd2 Kd7 19. Bc1+ Kc8 20. Ba3
Re8 21. Rd4 Nc4 22. Bc1 Rd8 23. Be2 b5 24. f4 Bf7 25. f5 g5 26. g3 a6 27. a4
Kc7 28. axb5 cxb5 29. h4 Rxd4 30. cxd4 g4 31. Bf4+ Kc6 32. c3 e6 33. fxe6 Bg6
34. d5+ Kc5 35. Bd3 Ne5 36. Bc2 a5 37. Bh6 Nc4 38. Bf8+ Kb6 39. Kc1 Ne3 40. d6
Nxc2 41. d7 Kc7 42. Be7 Kb7 1-0

[Event "Benidorm 2010 - Sub-2000"]
[Site "Benidorm ESP"]
[Date "2010.12.10"]
[Round "9.6"]
[White "Picazo Gonzalez, Alejandro"]
[Black "Sos Andreu, Erik"]
[Result "0-1"]
[WhiteElo "1955"]
[BlackElo "1998"]
[PlyCount "70"]
[EventDate "2010.12.03"]
[EventType "swiss"]
[EventRounds "10"]
[EventCountry "ESP"]
[Source "lmi"]
[SourceDate "2010.12.03"]

1. e4 c5 2. c3 Nf6 3. e5 Nd5 4. d4 cxd4 5. cxd4 e6 6. Nc3 Nxc3 7. bxc3 d6 8.
Nf3 Qc7 9. Bd2 Nd7 10. exd6 Bxd6 11. Bd3 b6 12. O-O O-O 13. Qe2 Bb7 14. Rfe1
Bf4 15. Ne5 Bxd2 16. Qxd2 Rfd8 17. Re3 Nxe5 18. Rxe5 g6 19. Rc1 Rac8 20. Qe3
Qe7 21. Bc2 Bd5 22. Bb1 Rc7 23. Rg5 Rdc8 24. Rg3 b5 25. Qh6 b4 26. Rh3 f5 27.
Qd2 Rc4 28. Qe1 Qc7 29. Re3 bxc3 30. Bc2 Rxd4 31. Bb3 Bxb3 32. axb3 Qd7 33.
Rxe6 c2 34. Rxc2 Rxc2 35. Re8+ Kf7 0-1

[Event "Benidorm 2010 - Sub-2000"]
[Site "Benidorm ESP"]
[Date "2010.12.10"]
[Round "9.7"]
[White "Fuentes Arjona, Antonio"]
[Black "Moya De La Flor, Daniel"]
[Result "0-1"]
[WhiteElo "1996"]
[BlackElo "1954"]
[PlyCount "136"]
[EventDate "2010.12.03"]
[EventType "swiss"]
[EventRounds "10"]
[EventCountry "ESP"]
[Source "lmi"]
[SourceDate "2010.12.03"]

1. e4 c5 2. Nf3 d6 3. d4 cxd4 4. Nxd4 Nf6 5. Nc3 a6 6. f3 e5 7. Nb3 Be6 8. Be3
Nbd7 9. Qd2 b5 10. O-O-O Be7 11. g4 Nb6 12. g5 Nh5 13. Nd5 Nxd5 14. exd5 Bd7
15. Rg1 a5 16. Qf2 a4 17. Nd2 b4 18. Kb1 b3 19. cxb3 Bf5+ 20. Ne4 axb3 21. Bb5+
Kf8 22. axb3 Nf4 23. Bxf4 exf4 24. h4 h6 25. Bd3 hxg5 26. Nxg5 Bxd3+ 27. Rxd3
Bf6 28. Ne4 Be5 29. Rh1 Qa5 30. Kc2 Qb4 31. Nc3 Rb8 32. Na2 Qa5 33. Nc3 Ke7 34.
Re1 Rhc8 35. Qd4 Kf8 36. Qa4 Qb6 37. Re2 Rc5 38. Qa3 Kg8 39. Qa4 Ra5 40. Qc4
Ra1 41. Rxe5 dxe5 42. d6 Qg1 43. Rd1 Rxd1 44. Nxd1 Qg2+ 45. Kb1 Qxf3 46. Qc2
Qb7 47. Nc3 f3 48. Na4 e4 49. Nc5 Qc6 50. Nxe4 Qxc2+ 51. Kxc2 f5 52. Ng3 g6 53.
Kd2 Rxb3 54. h5 f4 55. Kc2 Rb8 56. Ne4 gxh5 57. Kd1 h4 58. Nf6+ Kf7 59. Ng4 Ke6
60. Ke1 Rxb2 61. d7 Kxd7 62. Ne5+ Ke6 63. Nxf3 Kf5 64. Nd4+ Ke4 65. Ne6 Ke3 66.
Kf1 f3 67. Kg1 f2+ 68. Kg2 Rb1 0-1

[Event "Benidorm 2010 - Sub-2000"]
[Site "Benidorm ESP"]
[Date "2010.12.10"]
[Round "9.8"]
[White "Perez Garcia, Jose Miguel"]
[Black "Castrillo Mansego, Pablo"]
[Result "1/2-1/2"]
[WhiteElo "1993"]
[BlackElo "1949"]
[PlyCount "111"]
[EventDate "2010.12.03"]
[EventType "swiss"]
[EventRounds "10"]
[EventCountry "ESP"]
[Source "lmi"]
[SourceDate "2010.12.03"]

1. Nf3 Nf6 2. c4 e6 3. g3 d5 4. Bg2 c6 5. Qc2 Bd6 6. d4 Nbd7 7. O-O Ne4 8. b3
f5 9. Ba3 Bxa3 10. Nxa3 O-O 11. e3 g5 12. Nd2 g4 13. Rfc1 Qg5 14. Nf1 Qh5 15.
Nb1 Rf6 16. Nbd2 Rh6 17. f4 Ndf6 18. Nxe4 Nxe4 19. Bxe4 fxe4 20. b4 Bd7 21. a4
Qf5 22. Qb2 Rh3 23. b5 h5 24. cxd5 exd5 25. Ra2 Rf8 26. Qb4 Rf7 27. Rb1 h4 28.
Rg2 Qh5 29. Qd6 Rh7 30. Qb8+ Be8 31. Qxa7 hxg3 32. hxg3 cxb5 33. axb5 Rc7 34.
Qa2 Rc4 35. Kf2 Qf7 36. Nd2 Rc3 37. Rb2 Kg7 38. Qa5 Qc7 39. Qb4 b6 40. Qa4 Rxe3
41. Kxe3 Qc3+ 42. Ke2 Qxb2 43. Qa7+ Kf8 44. Qb8 Qxb5+ 45. Kf2 Qb4 46. Ke2 Qxd4
47. Qd6+ Kg7 48. Qe7+ Bf7 49. Qg5+ Kf8 50. Qd8+ Be8 51. Qd6+ Kg8 52. Qe6+ Kh7
53. Qe7+ Kh6 54. Qf8+ Kh7 55. Qe7+ Kh6 56. Qf8+ 1/2-1/2

[Event "Benidorm 2010 - Sub-2000"]
[Site "Benidorm ESP"]
[Date "2010.12.10"]
[Round "9.9"]
[White "Sacristan Latorre, Alberto"]
[Black "Kolev, Vasil"]
[Result "0-1"]
[WhiteElo "1928"]
[BlackElo "1991"]
[PlyCount "80"]
[EventDate "2010.12.03"]
[EventType "swiss"]
[EventRounds "10"]
[EventCountry "ESP"]
[Source "lmi"]
[SourceDate "2010.12.03"]

1. e4 c5 2. Nf3 d6 3. d4 cxd4 4. Nxd4 Nf6 5. Nc3 a6 6. Be3 e5 7. Nb3 Be6 8. f3
Be7 9. Qd2 h5 10. O-O-O Nbd7 11. h3 Rc8 12. Kb1 Qc7 13. Bd3 b5 14. g4 Nb6 15.
Bxb6 Qxb6 16. g5 Nd7 17. Nd5 Bxd5 18. exd5 g6 19. Rhe1 O-O 20. h4 Rfe8 21. Re2
Bf8 22. Rde1 Red8 23. f4 exf4 24. Qxf4 Ne5 25. Nd4 Bg7 26. Nf5 gxf5 27. Qxf5
Nxd3 28. Re7 Rf8 29. g6 fxg6 30. Qxg6 Qd4 31. c3 Nf4 32. Qxd6 Qd3+ 33. Ka1 Qxd5
34. Rxg7+ Kxg7 35. Rg1+ Kh7 36. Qe7+ Qf7 37. Qe4+ Ng6 38. Qe2 Qf3 39. Qe1 Rfe8
40. Qb1 Re4 0-1

[Event "Benidorm 2010 - Sub-2000"]
[Site "Benidorm ESP"]
[Date "2010.12.10"]
[Round "9.10"]
[White "Valdezate Suarez, Fernando"]
[Black "Garcia-castany, Musellas Gal La"]
[Result "0-1"]
[WhiteElo "1986"]
[BlackElo "1863"]
[PlyCount "68"]
[EventDate "2010.12.03"]
[EventType "swiss"]
[EventRounds "10"]
[EventCountry "ESP"]
[Source "lmi"]
[SourceDate "2010.12.03"]

1. d4 d5 2. c4 e6 3. Nc3 Nf6 4. Bg5 Nbd7 5. Nf3 c6 6. e3 Qa5 7. Bxf6 Nxf6 8.
Qc2 Bb4 9. Nd2 e5 10. dxe5 Ne4 11. Rc1 Nxd2 12. Qxd2 dxc4 13. Bxc4 Qxe5 14. O-O
O-O 15. f4 Qe7 16. a3 Bc5 17. Nd1 Bg4 18. Be2 Rad8 19. Qc2 Bxe3+ 20. Nxe3 Qxe3+
21. Rf2 Rd2 22. Qxd2 Qxd2 23. Rd1 Qxd1+ 24. Bxd1 Bxd1 25. Rd2 Bg4 26. h3 Be6
27. g4 Re8 28. Kf2 Bd5 29. Kg3 Re3+ 30. Kh4 g6 31. Rc2 h6 32. Rh2 f6 33. g5
fxg5+ 34. fxg5 h5 0-1

[Event "Benidorm 2010 - Sub-2000"]
[Site "Benidorm ESP"]
[Date "2010.12.10"]
[Round "9.11"]
[White "Soler Giner, Salvador"]
[Black "Rubio Trigueros, Jose Luis"]
[Result "1-0"]
[WhiteElo "1968"]
[BlackElo "1931"]
[PlyCount "115"]
[EventDate "2010.12.03"]
[EventType "swiss"]
[EventRounds "10"]
[EventCountry "ESP"]
[Source "lmi"]
[SourceDate "2010.12.03"]

1. e4 c5 2. Nf3 d6 3. Nc3 Nf6 4. d4 cxd4 5. Nxd4 a6 6. Be2 e5 7. Nb3 Be7 8. a4
Be6 9. Be3 O-O 10. O-O Nbd7 11. Qd2 Qc7 12. Rfd1 Rfc8 13. Rac1 b6 14. Qe1 Qb7
15. Rd2 Nc5 16. Nxc5 dxc5 17. Rcd1 Rd8 18. f3 h6 19. Qg3 Kf8 20. Qxe5 Rxd2 21.
Rxd2 Rd8 22. Rxd8+ Bxd8 23. Qd6+ Be7 24. Qd2 Ke8 25. b3 Kf8 26. Qd3 Bc8 27. Nd5
a5 28. Nxe7 Qxe7 29. Bf4 Ne8 30. Qd2 Qf6 31. Bb5 Qe7 32. Bxe8 Kxe8 33. Qd6 Qe6
34. Qxe6+ Bxe6 35. Bc7 c4 36. bxc4 Bxc4 37. Bxb6 Be2 38. Bxa5 Bd1 39. Bc3 g6
40. Kf2 Bxc2 41. a5 Bd3 42. Ke3 Bf1 43. g3 h5 44. g4 hxg4 45. fxg4 Ba6 46. h4
Bc8 47. Kf4 Bb7 48. h5 gxh5 49. gxh5 Kf8 50. h6 Kg8 51. Bg7 Kh7 52. Kf5 Ba6 53.
e5 Bc4 54. Kf6 Kg8 55. Ke7 Bb5 56. Kd6 Bd3 57. Kc7 f5 58. exf6 1-0

[Event "Benidorm 2010 - Sub-2000"]
[Site "Benidorm ESP"]
[Date "2010.12.10"]
[Round "9.12"]
[White "Fernandez Garcia, Javier"]
[Black "Cuevas Silva, Angel"]
[Result "1-0"]
[WhiteElo "1940"]
[BlackElo "1963"]
[PlyCount "57"]
[EventDate "2010.12.03"]
[EventType "swiss"]
[EventRounds "10"]
[EventCountry "ESP"]
[Source "lmi"]
[SourceDate "2010.12.03"]

1. d4 Nf6 2. Nf3 g6 3. Nc3 Bg7 4. e4 d6 5. Be3 O-O 6. Qd2 e5 7. O-O-O Qe8 8.
dxe5 dxe5 9. Bc5 Nc6 10. Bxf8 Qxf8 11. h3 Bh6 12. Ng5 Be6 13. Kb1 Qe7 14. h4
Nh5 15. g3 f6 16. Nd5 Qd7 17. Nxc7 Qxd2 18. Rxd2 Rc8 19. Ncxe6 fxg5 20. hxg5
Bf8 21. Be2 Ng7 22. Bg4 Rb8 23. Rd7 Be7 24. f4 exf4 25. gxf4 Ne8 26. Nc7 Nd6
27. e5 Ne4 28. Nd5 Nf2 29. Be6+ 1-0

[Event "Benidorm 2010 - Sub-2000"]
[Site "Benidorm ESP"]
[Date "2010.12.10"]
[Round "9.13"]
[White "Proorocu, Aurel-george"]
[Black "Allabatre, Steeve"]
[Result "1-0"]
[WhiteElo "1962"]
[BlackElo "1844"]
[PlyCount "35"]
[EventDate "2010.12.03"]
[EventType "swiss"]
[EventRounds "10"]
[EventCountry "ESP"]
[Source "lmi"]
[SourceDate "2010.12.03"]

1. d4 Nf6 2. Nf3 g6 3. Bg5 Bg7 4. c4 d5 5. e3 c6 6. Nc3 O-O 7. Be2 Re8 8. O-O
Nbd7 9. Re1 h6 10. Bh4 Qa5 11. Qb3 Nb6 12. Ne5 Ne4 13. Nxe4 dxe4 14. Bg3 Qa4
15. Qc3 a5 16. a3 Bf5 17. Bd1 Nd5 18. Qd2 1-0

[Event "Benidorm 2010 - Sub-2000"]
[Site "Benidorm ESP"]
[Date "2010.12.10"]
[Round "9.17"]
[White "Albers, Andreas"]
[Black "Vladut, Matei"]
[Result "0-1"]
[WhiteElo "1932"]
[BlackElo "1988"]
[PlyCount "60"]
[EventDate "2010.12.03"]
[EventType "swiss"]
[EventRounds "10"]
[EventCountry "ESP"]
[Source "lmi"]
[SourceDate "2010.12.03"]

1. e4 d6 2. d4 Nf6 3. Nc3 g6 4. Be3 a6 5. a4 Bg7 6. Qd2 O-O 7. f3 e5 8. dxe5
dxe5 9. Rd1 Qxd2+ 10. Rxd2 Be6 11. g4 Nc6 12. g5 Nh5 13. Nd5 Bxd5 14. Rxd5 Rfd8
15. Bc4 Nb4 16. Rxd8+ Rxd8 17. Bb3 Nf4 18. Kf2 Rd1 19. Bxf4 exf4 20. c3 Rd2+
21. Kf1 Rxb2 22. Bxf7+ Kxf7 23. cxb4 Rxb4 24. Ne2 Rxa4 25. Nxf4 Ra1+ 26. Kg2
Rxh1 27. Kxh1 a5 28. Nd5 a4 29. Kg2 a3 30. Nb4 c5 0-1

[Event "Benidorm 2010 - Sub-2000"]
[Site "Benidorm ESP"]
[Date "2010.12.10"]
[Round "9.19"]
[White "Baeza Garcia, Agustin"]
[Black "Vargas Huamani, Juan C"]
[Result "1-0"]
[WhiteElo "1928"]
[BlackElo "1978"]
[PlyCount "61"]
[EventDate "2010.12.03"]
[EventType "swiss"]
[EventRounds "10"]
[EventCountry "ESP"]
[Source "lmi"]
[SourceDate "2010.12.03"]

1. d4 Nf6 2. c4 c5 3. d5 e6 4. Nc3 exd5 5. cxd5 d6 6. e4 g6 7. Bd3 Bg7 8. h3
O-O 9. Nf3 b5 10. Nxb5 Re8 11. O-O Nxe4 12. Re1 a6 13. Na3 Nf6 14. Rxe8+ Nxe8
15. Bg5 Qc7 16. Nc4 Bb7 17. Be4 Nd7 18. Qd3 Nb6 19. Nxb6 Qxb6 20. Nd2 a5 21.
Nc4 Qc7 22. Re1 Ba6 23. b3 a4 24. Bf3 axb3 25. axb3 Bxc4 26. bxc4 Ra1 27. Rxa1
Bxa1 28. Qa3 Bg7 29. Qa8 Kf8 30. Bd1 h6 31. Ba4 1-0

[Event "Benidorm 2010 - Sub-2000"]
[Site "Benidorm ESP"]
[Date "2010.12.10"]
[Round "9.21"]
[White "Vieito Ribelles, Ariadna"]
[Black "Frey, Armin"]
[Result "0-1"]
[WhiteElo "1656"]
[BlackElo "1962"]
[PlyCount "64"]
[EventDate "2010.12.03"]
[EventType "swiss"]
[EventRounds "10"]
[EventCountry "ESP"]
[Source "lmi"]
[SourceDate "2010.12.03"]

1. c4 f5 2. d4 e6 3. Nc3 Nf6 4. g3 Be7 5. Bg2 O-O 6. e3 d6 7. Qb3 Nbd7 8. Nf3
c5 9. O-O cxd4 10. exd4 Nb6 11. Na4 Nxa4 12. Qxa4 Bd7 13. Qc2 Qc7 14. b3 Rac8
15. a4 e5 16. Ba3 e4 17. Nd2 Kh8 18. Rfe1 Rce8 19. Rac1 d5 20. Bxe7 Rxe7 21. c5
f4 22. Qc3 Ref7 23. gxf4 Qxf4 24. Qe3 Qh4 25. f3 Nh5 26. fxe4 Nf4 27. Nf3 Qg4
28. Rc2 Nh3+ 29. Kh1 Rxf3 30. Bxf3 Rxf3 31. Rg1 Nxg1 32. Qxg1 Qxe4 0-1

[Event "Benidorm 2010 - Sub-2000"]
[Site "Benidorm ESP"]
[Date "2010.12.10"]
[Round "9.22"]
[White "Nicolas Zapata, Javier"]
[Black "Medialdea Fernandez, Hernando"]
[Result "1-0"]
[WhiteElo "1959"]
[BlackElo "1866"]
[PlyCount "59"]
[EventDate "2010.12.03"]
[EventType "swiss"]
[EventRounds "10"]
[EventCountry "ESP"]
[Source "lmi"]
[SourceDate "2010.12.03"]

1. e4 c5 2. Nf3 Nc6 3. d4 cxd4 4. Nxd4 e6 5. Nc3 a6 6. Be2 d6 7. O-O Be7 8. Be3
Nf6 9. a4 Bd7 10. Nb3 O-O 11. a5 Nb4 12. f4 Bc6 13. Bf3 Rc8 14. Nd4 Qd7 15. g4
Rfd8 16. g5 Ne8 17. Bg2 d5 18. Nxc6 Qxc6 19. exd5 exd5 20. Kh1 Nc7 21. f5 Nb5
22. Nxb5 Qxb5 23. c3 Nd3 24. f6 Bf8 25. fxg7 Bxg7 26. Qh5 Ne5 27. Bd4 Ng6 28.
Bxg7 Kxg7 29. Qf3 Kg8 30. Qxf7+ 1-0

[Event "Benidorm 2010 - Sub-2000"]
[Site "Benidorm ESP"]
[Date "2010.12.10"]
[Round "9.24"]
[White "Salgado Gonzalez, Julio"]
[Black "Quintana Hernandez, Marcos Ivan"]
[Result "1-0"]
[WhiteElo "1843"]
[BlackElo "1999"]
[PlyCount "65"]
[EventDate "2010.12.03"]
[EventType "swiss"]
[EventRounds "10"]
[EventCountry "ESP"]
[Source "lmi"]
[SourceDate "2010.12.03"]

1. d4 Nf6 2. Bf4 d5 3. e3 Bf5 4. Nd2 e6 5. Ngf3 c5 6. Bxb8 Qxb8 7. Bb5+ Kd8 8.
Ne5 Qc7 9. c3 a6 10. Be2 Bd6 11. f4 Ke7 12. O-O h6 13. Bf3 Qb6 14. b3 Rhc8 15.
Rc1 Rc7 16. g4 Bh7 17. g5 Bxe5 18. fxe5 Nd7 19. gxh6 gxh6 20. Bh5 Rg8+ 21. Kh1
Bg6 22. Qf3 Rg7 23. Qf4 Rh7 24. Qh4+ Ke8 25. Rg1 Nf8 26. Rcf1 cxd4 27. cxd4 Rc2
28. Bxg6 Nxg6 29. Qf2 Qa5 30. Rxg6 fxg6 31. Qf8+ Kd7 32. Qd6+ Kc8 33. Rf8+ 1-0

[Event "Benidorm 2010 - Sub-2000"]
[Site "Benidorm ESP"]
[Date "2010.12.10"]
[Round "9.32"]
[White "Navarro Sancho, Rafael"]
[Black "Belinchon Calleja, David"]
[Result "1-0"]
[WhiteElo "1873"]
[BlackElo "1990"]
[PlyCount "63"]
[EventDate "2010.12.03"]
[EventType "swiss"]
[EventRounds "10"]
[EventCountry "ESP"]
[Source "lmi"]
[SourceDate "2010.12.03"]

1. e4 e5 2. Nc3 Nf6 3. f4 d5 4. fxe5 Nxe4 5. Qf3 Nxc3 6. bxc3 Be7 7. d4 c5 8.
Bd2 Nc6 9. Bb5 O-O 10. Ne2 f6 11. e6 Bxe6 12. O-O Bd6 13. Rae1 Bf7 14. Bd3 cxd4
15. Qh3 Bg6 16. Bxg6 hxg6 17. cxd4 Qc8 18. Qb3 Ne7 19. Nc3 Qc4 20. Qxc4 dxc4
21. Nb5 Nc8 22. Re6 Rd8 23. Rfe1 a6 24. Ba5 b6 25. Re8+ Kf7 26. Rxd8 axb5 27.
Bxb6 Be7 28. Rd7 Nxb6 29. Rexe7+ Kf8 30. Rf7+ Ke8 31. Rde7+ Kd8 32. Rxg7 1-0

[Event "Benidorm 2010 - Sub-2000"]
[Site "Benidorm ESP"]
[Date "2010.12.11"]
[Round "10.1"]
[White "Mingarro Carceller, Sergio"]
[Black "Gomez Peco, David"]
[Result "0-1"]
[WhiteElo "1917"]
[BlackElo "1993"]
[PlyCount "48"]
[EventDate "2010.12.03"]
[EventType "swiss"]
[EventRounds "10"]
[EventCountry "ESP"]
[Source "lmi"]
[SourceDate "2010.12.03"]

1. e4 c5 2. c3 d5 3. exd5 Qxd5 4. d4 Nc6 5. Nf3 Bf5 6. Be2 cxd4 7. cxd4 Bxb1 8.
Rxb1 Qxa2 9. Be3 e6 10. O-O Bd6 11. Qc2 Nge7 12. Nd2 Qa5 13. Bf3 O-O 14. Rfd1
Rac8 15. Nc4 Qc7 16. Nxd6 Qxd6 17. Qb3 b6 18. Qa4 Nd5 19. Rbc1 h6 20. Be2 Qb4
21. Qa2 Nxd4 22. Bc4 Nxe3 23. fxe3 Nf5 24. Re1 b5 0-1

[Event "Benidorm 2010 - Sub-2000"]
[Site "Benidorm ESP"]
[Date "2010.12.11"]
[Round "10.2"]
[White "Shen, Yue"]
[Black "Rubio Tent, Francisco"]
[Result "1/2-1/2"]
[WhiteElo "1911"]
[BlackElo "1980"]
[PlyCount "142"]
[EventDate "2010.12.03"]
[EventType "swiss"]
[EventRounds "10"]
[EventCountry "ESP"]
[Source "lmi"]
[SourceDate "2010.12.03"]

1. e4 c6 2. c4 d5 3. exd5 cxd5 4. cxd5 Nf6 5. Nc3 g6 6. Bc4 Bg7 7. Nge2 O-O 8.
O-O Na6 9. h3 Nc7 10. Nf4 b6 11. d4 Bb7 12. Be3 Nfxd5 13. Nfxd5 Nxd5 14. Qd2
Nxc3 15. bxc3 Bd5 16. Bb3 Rc8 17. Rac1 Bc4 18. Rfe1 e6 19. Bh6 Bxh6 20. Qxh6
Qf6 21. Qd2 Rfd8 22. Re3 Rd5 23. Rf3 Rf5 24. Rxf5 Qxf5 25. Qc2 Qd5 26. Qb2 Qd6
27. Re1 Qc6 28. Re3 Bd5 29. f3 Qd6 30. Qe2 Qc6 31. Qa6 Qb7 32. Qxb7 Bxb7 33. c4
Ba6 34. Rc3 Kf8 35. Kf2 Ke7 36. f4 Kd6 37. g3 f6 38. Rc2 Rc7 39. Ke3 Rc8 40. h4
h6 41. a4 Rc7 42. a5 Bc8 43. axb6 axb6 44. Ra2 g5 45. hxg5 hxg5 46. Rh2 gxf4+
47. gxf4 Ra7 48. Kd3 Rg7 49. Rh3 Bb7 50. Rh4 Rg3+ 51. Kc2 Rg2+ 52. Kc3 Rg7 53.
Kb4 Rc7 54. Rh6 Rf7 55. Kb5 Bc6+ 56. Kb4 Bd7 57. c5+ bxc5+ 58. dxc5+ Kc7 59. f5
Re7 60. fxe6 Bxe6 61. Rxf6 Bxb3 62. Kxb3 Re4 63. Kc3 Rh4 64. Rd6 Rg4 65. Rd4
Rxd4 66. Kxd4 Kc6 67. Kc4 Kc7 68. Kb5 Kb7 69. c6+ Kc7 70. Kc5 Kc8 71. Kb5 Kc7
1/2-1/2

[Event "Benidorm 2010 - Sub-2000"]
[Site "Benidorm ESP"]
[Date "2010.12.11"]
[Round "10.3"]
[White "Proorocu, Aurel-george"]
[Black "Ledo Galan, Jose Emilio"]
[Result "1/2-1/2"]
[WhiteElo "1962"]
[BlackElo "1998"]
[PlyCount "70"]
[EventDate "2010.12.03"]
[EventType "swiss"]
[EventRounds "10"]
[EventCountry "ESP"]
[Source "lmi"]
[SourceDate "2010.12.03"]

1. d4 Nf6 2. Nf3 g6 3. Bg5 Bg7 4. c4 d5 5. e3 O-O 6. Nc3 Ne4 7. Bf4 Nxc3 8.
bxc3 c5 9. Be2 Nc6 10. O-O cxd4 11. cxd4 dxc4 12. Bxc4 Bf5 13. a3 Rc8 14. Rc1
Be4 15. Qe2 e6 16. h3 Qe7 17. Ng5 Bd5 18. Bxd5 exd5 19. Qb2 Rfd8 20. Rc2 h6 21.
Nf3 Qd7 22. Rfc1 Kh7 23. Qb5 Re8 24. Ne5 Bxe5 25. Bxe5 Ra8 26. Bg3 Re6 27. Rc5
Rd8 28. a4 Kg7 29. a5 a6 30. Qb3 g5 31. Rb1 Re7 32. Rbc1 Re6 33. Rb1 Re7 34.
Rbc1 Re6 35. Rb1 Re7 1/2-1/2

[Event "Benidorm 2010 - Sub-2000"]
[Site "Benidorm ESP"]
[Date "2010.12.11"]
[Round "10.4"]
[White "Sos Andreu, Erik"]
[Black "Fernandez Garcia, Javier"]
[Result "0-1"]
[WhiteElo "1998"]
[BlackElo "1940"]
[PlyCount "86"]
[EventDate "2010.12.03"]
[EventType "swiss"]
[EventRounds "10"]
[EventCountry "ESP"]
[Source "lmi"]
[SourceDate "2010.12.03"]

1. c4 e6 2. Nf3 d5 3. g3 c6 4. Qc2 Nf6 5. Bg2 Nbd7 6. d4 Bd6 7. O-O dxc4 8.
Qxc4 e5 9. Rd1 Qc7 10. Nc3 O-O 11. Qd3 exd4 12. Nxd4 Ne5 13. Qc2 Re8 14. Bg5
Nfd7 15. Rac1 Bf8 16. b4 h6 17. Bf4 Qb6 18. b5 c5 19. Na4 Qa5 20. Bd2 Qc7 21.
Nb3 c4 22. Ba5 Nb6 23. Nd2 Ba3 24. Rb1 Bg4 25. Re1 Rac8 26. Nc3 Be6 27. Nf3
Nxf3+ 28. Bxf3 Qe7 29. Rbd1 Red8 30. Bxb6 axb6 31. Qe4 Bb4 32. Rc1 Rd7 33. Red1
Rcd8 34. Rxd7 Rxd7 35. Na4 Qd6 36. Bg4 Qd1+ 37. Rxd1 Rxd1+ 38. Kg2 Bd5 39. Qxd5
Rxd5 40. Nxb6 c3 41. Nxd5 c2 42. Nxb4 c1=Q 43. Bf3 Qc5 0-1

[Event "Benidorm 2010 - Sub-2000"]
[Site "Benidorm ESP"]
[Date "2010.12.11"]
[Round "10.5"]
[White "Moya De La Flor, Daniel"]
[Black "Bote Kobolo, Benjamin"]
[Result "0-1"]
[WhiteElo "1954"]
[BlackElo "1991"]
[PlyCount "142"]
[EventDate "2010.12.03"]
[EventType "swiss"]
[EventRounds "10"]
[EventCountry "ESP"]
[Source "lmi"]
[SourceDate "2010.12.03"]

1. e4 Nc6 2. Nf3 e5 3. Bc4 Be7 4. d4 exd4 5. Nxd4 Ne5 6. Bb3 Nf6 7. Nc3 O-O 8.
h3 Bb4 9. O-O Bxc3 10. bxc3 d6 11. f4 Ng6 12. e5 dxe5 13. fxe5 Nxe5 14. Bg5 c5
15. Bxf6 gxf6 16. Nf5 Bxf5 17. Rxf5 Qxd1+ 18. Rxd1 c4 19. Ba4 a6 20. Rxf6 b5
21. Rd5 Ng6 22. Bxb5 axb5 23. Rxb5 Rxa2 24. Rc5 Kg7 25. Rf2 Ra4 26. Rc7 Ne5 27.
Re7 Nc6 28. Rc7 Nd8 29. Kh2 Ne6 30. Rc6 Rd8 31. Rb6 Rd7 32. Rb5 Ra3 33. Rf3 h6
34. Rb4 Rc7 35. Rb6 Ra5 36. Rd6 Re5 37. Rd2 Nc5 38. Rd4 Ne4 39. Rf4 Nxc3 40.
Rxc4 Rec5 41. Rxc5 Rxc5 42. Rd4 Nd5 43. Rg4+ Kf8 44. Rh4 Rc6 45. c4 Ne3 46. c5
Nf5 47. Rc4 Ng7 48. Rh4 Nf5 49. Rc4 Nd6 50. Rh4 Nb7 51. Rf4 Nxc5 52. Rf3 Ne6
53. Rf6 Kg7 54. Rf3 Rc5 55. Rf2 Kg6 56. Ra2 f5 57. Ra6 Re5 58. Ra2 f4 59. Rf2
Re3 60. Ra2 Kf5 61. Ra5+ Re5 62. Ra2 Nc5 63. Rf2 Ne4 64. Ra2 Ng3 65. Ra1 h5 66.
Rb1 h4 67. Rb8 Nh5 68. Rb2 Nf6 69. Ra2 Rc5 70. Rb2 Nd5 71. Ra2 Ne3 0-1

[Event "Benidorm 2010 - Sub-2000"]
[Site "Benidorm ESP"]
[Date "2010.12.11"]
[Round "10.6"]
[White "Kolev, Vasil"]
[Black "Perez Puyal, Jose Joaquin"]
[Result "1-0"]
[WhiteElo "1991"]
[BlackElo "1958"]
[PlyCount "71"]
[EventDate "2010.12.03"]
[EventType "swiss"]
[EventRounds "10"]
[EventCountry "ESP"]
[Source "lmi"]
[SourceDate "2010.12.03"]

1. d4 d5 2. c4 c6 3. Nc3 Nf6 4. Nf3 g6 5. Bf4 Bg7 6. e3 O-O 7. h3 Nbd7 8. cxd5
cxd5 9. Be2 b6 10. O-O Bb7 11. Qb3 Rc8 12. Rfc1 a6 13. Rc2 Ne4 14. Rac1 e6 15.
Nxe4 dxe4 16. Rxc8 Bxc8 17. Nd2 e5 18. dxe5 Nc5 19. Qc2 Bb7 20. Rd1 Qe7 21. Nc4
b5 22. Nd6 Ne6 23. Bg3 Ba8 24. Nxe4 Bxe4 25. Qxe4 Nc5 26. Qd5 Na4 27. Rd2 Qb4
28. a3 Qa5 29. b4 Qb6 30. Bf3 Re8 31. Qd7 Qe6 32. Qxe6 Rxe6 33. Rd8+ Bf8 34.
Bd5 Rb6 35. Bf4 Kg7 36. Rd7 1-0

[Event "Benidorm 2010 - Sub-2000"]
[Site "Benidorm ESP"]
[Date "2010.12.11"]
[Round "10.7"]
[White "Garcia-castany, Musellas Gal La"]
[Black "Soler Giner, Salvador"]
[Result "1-0"]
[WhiteElo "1863"]
[BlackElo "1968"]
[PlyCount "105"]
[EventDate "2010.12.03"]
[EventType "swiss"]
[EventRounds "10"]
[EventCountry "ESP"]
[Source "lmi"]
[SourceDate "2010.12.03"]

1. e4 c5 2. Nf3 Nc6 3. d4 cxd4 4. Nxd4 g6 5. c4 Bg7 6. Be3 Nf6 7. Nc3 O-O 8.
Be2 Nxd4 9. Bxd4 d6 10. O-O Be6 11. Qd2 Qa5 12. Qe3 Rfc8 13. b3 Ng4 14. Bxg4
Bxg4 15. Bxg7 Kxg7 16. Nd5 Qd8 17. Qd4+ Kg8 18. e5 Be6 19. exd6 Qxd6 20. Nf6+
Kf8 21. Nxh7+ Kg8 22. Nf6+ Kf8 23. Nd5 Kg8 24. Nf6+ Kf8 25. Qxd6 exd6 26. Rad1
Ke7 27. Ne4 Rc6 28. Rd4 Ra6 29. Rd2 Rc8 30. Re1 Rcc6 31. Rde2 Kf8 32. Ng5 d5
33. Nxe6+ fxe6 34. cxd5 exd5 35. g3 Rc7 36. Rd1 Rd7 37. Rdd2 Kf7 38. Kg2 Kf6
39. f4 Ra5 40. Kf3 Rd6 41. g4 Rda6 42. g5+ Kf7 43. Kg4 Rb6 44. Re5 Rd6 45. f5
Rb5 46. Rd4 a5 47. f6 Rd7 48. h4 Rb4 49. Rxb4 axb4 50. h5 gxh5+ 51. Kf5 Rd8 52.
g6+ Kf8 53. g7+ 1-0